000 02029nam0a2200421 4500
001 RU\NLR\bibl\1825806
005 20260408070318.0
010 _a978-5-288-05149-4
_bв пер.
_9700
021 _aRU
_b2011-76526
_95442
035 _a(nilc)RSL-KNO-005032315
035 _a(NLR Aleph) 001816335
090 _a1943287
_c1943287
100 _a20111003d2011 |||y0rusy50 ca
101 0 _arus
102 _aRU
105 _aa zzzz|||||
200 1 _aРоссийский рынок слияний и поглощений
_eнаправления и перспективы развития
_f[Е.Г. Чернова (рук.), Н.В. Пахомова, А.Н. Лякин и др.]
_gпод общ. ред. Е. Г. Черновой, Н. В. Пахомовой
_gС.-Петерб. гос. ун-т
210 _aСанкт-Петербург
_cИзд. дом С.-Петерб. гос. ун-та
_d2011
215 _a256 с.
_cил., табл.
_d22
225 1 _aЭкономика
300 _aАвт. указаны на обороте тит.л.
320 _aБиблиогр.: с. 244-254 (198 назв.) и в подстроч. примеч.
606 1 _aФирмы
_xСлияние
_yРоссийская Федерация
_92376091
_3RU\NLR\auth\661417940
610 0 _aслияние и поглощение
686 _aУ9(2)0-139,0
_2rubbk
686 _aУ29(2)
701 1 _aЧернова
_bЕ. Г.
_gЕлена Григорьевна
_4070
701 1 _4070
_7ca
_8rus
_aПахомова
_bН. В.
_gНадежда Викторовна
_9154100
_3RU\NLR\AUTH\770154138
701 1 _aЛякин
_bА. Н.
_gАлександр Николаевич
_4070
712 0 2 _4570
_aСанкт-Петербургский государственный университет
_3RU\NLR\AUTH\8810043151
_9585805
801 0 _aRU
_bRuMoRKP
_c20111003
_grcr
801 1 _aRU
_bРГБ
_c20111003
801 2 _aRU
_bNLR
_c20111027
_grcr
830 _aавт. по базе
942 _cBOOK
980 _aNB
980 _aNBR